[Event "Lima Palma Memorial U1850 1st"]
[Site "Lima"]
[Date "2018.01.23"]
[Round "3.6"]
[White "Orosco Torres, Johann Miguel"]
[Black "Perez, Sebastian"]
[Result "1-0"]
[WhiteElo "1753"]
[BlackElo "1609"]
[PlyCount "99"]
[EventDate "2018.01.23"]
[EventType "swiss"]
[EventRounds "8"]
[EventCountry "PER"]
[SourceTitle "EXT 2024"]
[Source "ChessBase"]
[SourceDate "2023.10.10"]
[SourceVersion "1"]
[SourceVersionDate "2023.10.10"]
[SourceQuality "1"]

1. Nf3 Nf6 2. g3 g6 3. Bg2 Bg7 4. 0-0 0-0 5. d3 d6 6. Nbd2 c5 7. Rb1 Nc6 8. e4 Qc7 9. Re1 b6 10. Nc4 Ng4 11. h3 Nge5 12. Nfxe5 Nxe5 13. Ne3 Bb7 14. b3 Nc6 15. f4 e6 16. Rf1 f5 17. exf5 exf5 18. Nd5 Qd7 19. c3 Rae8 20. Bd2 Ne7 21. Ne3 Bxg2 22. Kxg2 Qc6+ 23. Qf3 Qxf3+ 24. Kxf3 d5 25. Rfe1 d4 26. cxd4 Bxd4 27. Nc4 Nc6 28. Nd6 Rxe1 29. Rxe1 Rd8 30. Re6 Bg7 31. Be3 Nb4 32. g4 Nxd3 33. gxf5 gxf5 34. Nxf5 Rf8 35. Ke4 Nb4 36. a3 Nc2 37. Bc1 Nd4 38. Nxg7 Kxg7 39. Bb2 Kf7 40. Rh6 Re8+ 41. Kd3 Rd8 42. Rxh7+ Kg6 43. Rb7 Nxb3+ 44. Ke3 Re8+ 45. Kf3 Nd2+ 46. Kg4 Ne4 47. f5+ Kh6 48. Bc1+ Nd2 49. Bxd2+ Re3 50. Bxe3# 1-0

[Event "Lima Surco op 4th"]
[Site "Lima"]
[Date "2017.10.15"]
[Round "2"]
[White "Espinal Valles, Alfredo Enmanuel"]
[Black "Perez, Sebastian"]
[Result "1-0"]
[WhiteElo "1890"]
[BlackElo "1617"]
[PlyCount "81"]
[EventDate "2017.10.15"]
[EventType "swiss"]
[EventRounds "7"]
[EventCountry "PER"]
[SourceTitle "EXT 2019"]
[Source "ChessBase"]
[SourceDate "2018.10.10"]
[SourceVersion "1"]
[SourceVersionDate "2018.10.10"]
[SourceQuality "1"]

1. e4 c5 2. d4 cxd4 3. c3 dxc3 4. Nxc3 e6 5. Bc4 Nc6 6. Nf3 d6 7. 0-0 Nf6 8. Qe2 a6 9. Rd1 Qc7 10. Bf4 Be7 11. Rac1 0-0 12. h3 b5 13. Nd5 exd5 14. Bxd5 Bb7 15. Bxc6 Bxc6 16. Nd4 Qb7 17. Nxc6 Rfe8 18. Qd3 Rac8 19. Nxe7+ Qxe7 20. Rxc8 Rxc8 21. f3 Rd8 22. Bxd6 Qd7 23. Qd4 Qc6 24. e5 Ne8 25. Qd5 Qb6+ 26. Kh2 Nxd6 27. exd6 Kf8 28. b4 Qe3 29. Rd4 g6 30. Re4 Qb6 31. Rd4 Rd7 32. Qe5 f6 33. Qxf6+ Kg8 34. Qe6+ Kh8 35. Qe8+ Kg7 36. Qxd7+ Kh6 37. Rh4+ Kg5 38. Qe7+ Kf5 39. Re4 Qf2 40. Re5+ Kf4 41. Qg5# 1-0

[Event "PER-ch"]
[Site "Lima"]
[Date "2017.03.03"]
[Round "6"]
[White "Perez, Sebastian"]
[Black "Zata Gonzales, Daniel"]
[Result "0-1"]
[WhiteElo "1510"]
[BlackElo "1850"]
[PlyCount "94"]
[EventDate "2017.03.01"]
[EventType "swiss"]
[EventRounds "9"]
[EventCountry "PER"]
[SourceTitle "CBM 177 Extra"]
[Source "ChessBase"]
[SourceDate "2017.04.27"]
[SourceVersion "1"]
[SourceVersionDate "2017.04.27"]
[SourceQuality "1"]

1. d4 Nf6 2. c4 c5 3. d5 b5 4. cxb5 a6 5. bxa6 Bxa6 6. Nc3 g6 7. Nf3 d6 8. e4 Bxf1 9. Kxf1 Bg7 10. g3 0-0 11. Kg2 Nbd7 12. h3 Qa5 13. Qc2 Rfb8 14. Bd2 Ne8 15. Rab1 Nc7 16. a3 c4 17. Na2 Qb5 18. Bc3 Qb3 19. Nb4 Rxb4 20. Qd2 Bxc3 21. bxc3 Qxb1 22. Rxb1 Rxb1 23. Qa2 Rb3 24. Nd4 Raxa3 25. Qe2 Rxc3 26. Qg4 Nf6 27. Qc8+ Nce8 28. Nb5 Rab3 29. Nxc3 Rxc3 30. Qd8 Kf8 31. Qa5 Nxe4 32. Qa1 f5 33. g4 Rc2 34. Qh8+ Kf7 35. Qxh7+ Ng7 36. Kg1 Rxf2 37. gxf5 gxf5 38. Qh4 c3 39. Qh8 c2 40. Qc8 Rd2 41. Qa6 c1Q+ 42. Qf1 Rd1 43. Qxd1 Qxd1+ 44. Kh2 Qf3 45. h4 Nh5 46. Kg1 Qf2+ 47. Kh1 Neg3# 0-1

[Event "PER-ch"]
[Site "Lima"]
[Date "2017.03.02"]
[Round "4"]
[White "Perez, Sebastian"]
[Black "Caja Ramirez, Angelo Gregory"]
[Result "1-0"]
[WhiteElo "1510"]
[BlackElo "1404"]
[PlyCount "61"]
[EventDate "2017.03.01"]
[EventType "swiss"]
[EventRounds "9"]
[EventCountry "PER"]
[SourceTitle "CBM 177 Extra"]
[Source "ChessBase"]
[SourceDate "2017.04.27"]
[SourceVersion "1"]
[SourceVersionDate "2017.04.27"]
[SourceQuality "1"]

1. d4 Nf6 2. c4 e5 3. d5 d6 4. Nc3 Bf5 5. Nf3 Be7 6. e3 0-0 7. Qb3 b6 8. Be2 Na6 9. Na4 Nd7 10. 0-0 Ndc5 11. Nxc5 Nxc5 12. Qd1 a5 13. Ne1 e4 14. Nc2 Bf6 15. Nd4 Bxd4 16. Qxd4 Qg5 17. Kh1 Rae8 18. f3 exf3 19. Rxf3 Re4 20. Qd1 Rg4 21. Rxf5 Qxf5 22. Bxg4 Qf2 23. Qe2 Qf6 24. Rb1 Re8 25. Bd2 Ne4 26. Bf3 Qh4 27. Bxe4 Rxe4 28. b3 Qf6 29. Qf3 Qe5 30. Bc3 Qg5 31. Qxe4 1-0

[Event "Lima-ch U12"]
[Site "Lima"]
[Date "2017.01.15"]
[Round "7.2"]
[White "Benavides Conza, Diego Angelo"]
[Black "Perez, Sebastian"]
[Result "1/2-1/2"]
[WhiteElo "1296"]
[BlackElo "1510"]
[PlyCount "137"]
[EventDate "2017.01.12"]
[EventType "swiss"]
[EventRounds "7"]
[EventCountry "PER"]
[SourceTitle "EXT 2024"]
[Source "ChessBase"]
[SourceDate "2023.10.10"]
[SourceVersion "1"]
[SourceVersionDate "2023.10.10"]
[SourceQuality "1"]

1. e4 c5 2. Nf3 d6 3. d4 cxd4 4. Nxd4 Nf6 5. Nc3 a6 6. Be3 e5 7. Nb3 Be7 8. Bg5 Nbd7 9. f3 h6 10. Bxf6 Nxf6 11. Bc4 Be6 12. Bd5 Qc7 13. 0-0 0-0 14. a4 Rac8 15. Rc1 Nd7 16. Kh1 Nb6 17. a5 Nc4 18. Bxc4 Bxc4 19. Nd5 Qd8 20. Nxe7+ Qxe7 21. Rf2 Rc6 22. Nd2 Be6 23. b3 Qc7 24. b4 Rc8 25. Nf1 Rc3 26. Qd2 Qc4 27. Qxd6 Qd4 28. Qxd4 exd4 29. Rd2 d3 30. Ne3 dxc2 31. Rdxc2 Rxe3 32. Rxc8+ Bxc8 33. Rxc8+ Kh7 34. h3 Rb3 35. Rc4 Kg6 36. Kh2 Kf6 37. Kg3 Ke5 38. h4 g6 39. Kg4 Rb2 40. g3 Rb3 41. f4+ Ke6 42. e5 f6 43. exf6 Kxf6 44. Re4 h5+ 45. Kh3 Rb2 46. Rc4 Ke6 47. Rd4 Ke7 48. Rc4 Kd6 49. Rd4+ Ke6 50. Re4+ Kd5 51. Re5+ Kd4 52. Re6 Rxb4 53. Rxg6 Rb5 54. Rg5 Ke4 55. g4 Rb3+ 56. Kg2 hxg4 57. h5 Rh3 58. Rxg4 Rxh5 59. Rg7 Kxf4 60. Rxb7 Rxa5 61. Re7 Ra2+ 62. Kf1 a5 63. Ke1 a4 64. Kd1 a3 65. Ra7 Ke3 66. Kc1 Kd3 67. Kb1 Rb2+ 68. Ka1 Rb3 69. Ka2 1/2-1/2

[Event "Lima-ch U12"]
[Site "Lima"]
[Date "2017.01.14"]
[Round "4.2"]
[White "Palomino Taipe, Celso"]
[Black "Perez, Sebastian"]
[Result "0-1"]
[WhiteElo "1401"]
[BlackElo "1510"]
[PlyCount "76"]
[EventDate "2017.01.12"]
[EventType "swiss"]
[EventRounds "7"]
[EventCountry "PER"]
[SourceTitle "EXT 2024"]
[Source "ChessBase"]
[SourceDate "2023.10.10"]
[SourceVersion "1"]
[SourceVersionDate "2023.10.10"]
[SourceQuality "1"]

1. e4 c5 2. Nf3 d6 3. d3 Nc6 4. g3 g6 5. Bg2 Bg7 6. c3 Nf6 7. 0-0 0-0 8. Re1 Ng4 9. h3 Nge5 10. Nxe5 Nxe5 11. f4 Nc6 12. Qf3 Qb6 13. Kh2 Kh8 14. h4 Bd7 15. Bh3 Qc7 16. Bxd7 Qxd7 17. Nd2 f5 18. Qe2 Rae8 19. exf5 Qxf5 20. Qe4 e5 21. Nc4 exf4 22. Qxf5 fxg3+ 23. Kxg3 gxf5 24. Bf4 Be5 25. Nxd6 Bxf4+ 26. Kxf4 Rb8 27. Rg1 Ne7 28. Rae1 Ng6+ 29. Kg5 Rbd8 30. Nxb7 Rd5 31. c4 Rd4 32. Rgf1 Rg4+ 33. Kh6 Rxh4+ 34. Kg5 Rg4+ 35. Kh6 Rg8 36. Nd6 Ne5 37. Kh5 R8g5+ 38. Kh6 Rg6+ 0-1

[Event "Lima-ch U12"]
[Site "Lima"]
[Date "2017.01.13"]
[Round "2.2"]
[White "Varillas Jimenes, Ivan"]
[Black "Perez, Sebastian"]
[Result "0-1"]
[WhiteElo "1365"]
[BlackElo "1510"]
[PlyCount "62"]
[EventDate "2017.01.12"]
[EventType "swiss"]
[EventRounds "7"]
[EventCountry "PER"]
[SourceTitle "EXT 2024"]
[Source "ChessBase"]
[SourceDate "2023.10.10"]
[SourceVersion "1"]
[SourceVersionDate "2023.10.10"]
[SourceQuality "1"]

1. d4 Nf6 2. Nf3 g6 3. c4 Bg7 4. Nc3 0-0 5. e4 d6 6. Be2 c5 7. 0-0 cxd4 8. Nxd4 Nc6 9. Be3 Nd7 10. f4 Nb6 11. Rc1 e5 12. Ndb5 Be6 13. Nxd6 Nd4 14. c5 Nd7 15. b4 b6 16. Ncb5 bxc5 17. bxc5 Nxc5 18. Rxc5 a6 19. Nb7 Qb6 20. N5d6 Rab8 21. fxe5 Nxe2+ 22. Qxe2 Rxb7 23. Rb5 axb5 24. Bxb6 Rxb6 25. Nxb5 Bxe5 26. Na3 Rb2 27. Qd3 Rxa2 28. Nc4 Bg7 29. Rc1 Rc8 30. Qb3 Bd4+ 31. Kh1 Rxc4 0-1